El arte del Renacimiento / (Record no. 15360)

MARC details
000 -LEADER
campo de control de longitud fija 00927nam a22002895i 4500
001 - NÚMERO DE CONTROL
campo de control 15360
003 - IDENTIFICADOR DE NÚMERO DE CONTROL
campo de control ES-MaACL
005 - FECHA Y HORA DE LA ÚLTIMA TRANSACCIÓN
campo de control 20250812045125.0
007 - CAMPO FIJO DE DESCRIPCIÓN FÍSICA--INFORMACIÓN GENERAL
campo de control de longitud fija t|
008 - DATOS DE LONGITUD FIJA--INFORMACIÓN GENERAL
campo de control de longitud fija 000216s1991 sp ||||0| spa j
020 ## - NÚMERO INTERNACIONAL ESTÁNDAR DEL LIBRO
Número Internacional Estándar del Libro 84-460-0032-6
040 ## - FUENTE DE CATALOGACIÓN
Centro catalogador/agencia de origen M-BN
Lengua de catalogación spa
Centro/agencia transcriptor M-BN
080 ## - NÚMERO DE LA CLASIFICACIÓN DECIMAL UNIVERSAL
Número de la Clasificación Decimal Universal 7.034
100 1# - ENTRADA PRINCIPAL--NOMBRE DE PERSONA
Nombre de persona Jestaz, Bertrand.
9 (RLIN) 66360
245 13 - MENCIÓN DEL TÍTULO
Título El arte del Renacimiento /
Mención de responsabilidad, etc. Bertrand Jestaz ; [traducción, Ana Ballester y Michel Maurice].
260 ## - PUBLICACIÓN, DISTRIBUCIÓN, ETC.
Lugar de publicación, distribución, etc. Torrejón de Ardoz :
Nombre del editor, distribuidor, etc. Akal,
Fecha de publicación, distribución, etc. D.L. 1991.
300 ## - DESCRIPCIÓN FÍSICA
Extensión 656 p. :
Otras características físicas il. col. y n. ;
Dimensiones 28 cm.
490 1# - MENCIÓN DE SERIE
Mención de serie El arte y las grandes civilizaciones
504 ## - NOTA DE BIBLIOGRAFÍA, ETC.
Nota de bibliografía, etc. Bibliografía: p. 636-644.
650 17 - PUNTO DE ACCESO ADICIONAL DE MATERIA--TÉRMINO DE MATERIA
Término de materia o nombre geográfico como elemento de entrada Arte renacentista
Fuente del encabezamiento o término embne
9 (RLIN) 10287
700 1# - ENTRADA AGREGADA--NOMBRE PERSONAL
Nombre de persona Ballester, Ana.
9 (RLIN) 24997
700 1# - ENTRADA AGREGADA--NOMBRE PERSONAL
Nombre de persona Maurice, Michel.
9 (RLIN) 79256
830 0# - PUNTO DE ACCESO ADICIONAL DE SERIE-TÍTULO UNIFORME
Título uniforme El arte y las grandes civilizaciones
9 (RLIN) 228566
852 ## - LOCALIZACIÓN
Ubicación ES-MaACL
Número de control de estantería L-22565
Sublocalización o colección R.127715
Holdings
Estatus retirado Estado de pérdida Estado de daño No para préstamo Biblioteca de origen Biblioteca actual Ubicación en estantería Fecha de adquisición Fuente de adquisición Total de préstamos Signatura topográfica completa Código de barras Visto por última vez Precio de reemplazo Tipo de ítem Koha
        Biblioteca del Ateneo de Madrid Biblioteca del Ateneo de Madrid Depósito 2 17/01/2008     L-22565 1015617 23/02/2023 23/02/2023 Libro impreso